000 01120nam a2200289 a 4500
001 BRCA_8458
005 20190320210306.0
008 041215s1987----sp-#######---#000-0#spa-#
020 _a8424910834 (Obra completa)
041 _aspa
044 _asp
050 4 _aPQ6323
_b.C47 1987
100 1 _aCervantes Saavedra, Miguel de
_d1547-1616
_9213
245 1 0 _aEl Ingenioso Hidalgo Don Quijote de la Mancha
_cMiguel de Cervantes Saavedra ; edición crítica y comentario de Vicente Gaos.
260 _aMadrid
_bGredos
_c1987
300 _a3 v.
_c26 cm.
440 0 _aBiblioteca románica hispánica
_vIV. Textos, 18
_921184
500 _aLibros adquiridos en compra
505 0 _aContenido: v.1. Primera parte. -- v.2. Segunda parte. -- v.3. Apéndices, gramática, bibliografía e índices
650 1 4 _aNovela española
_yÉpoca clásica, 1500-1700
_9215
650 1 4 _aLiteratura española
_yÉpoca clásica, 1500-1700
_9216
650 1 4 _aNovela española
_ySiglo XVII
_9217
650 1 4 _aDon Quijote (Personaje ficticio)
_xNovela
_921185
700 1 _aGaos, Vicente
_eed.
_921186
902 _aQAG
942 _2lcc
_cB
999 _c8125
_d8125